000 00711nac a22001811u 4500
020 _a8170086078
082 _a670.423
_bRAJ
090 _c2865
_d2865
100 _aRajput ,R.K.
245 _aComprehensive Workshop Practice/
_cR.K.Rajput.
250 _a2nd ed.
_bRevised.
260 _aNew Delhi:
_bLaxmi Publications(p) LTD.,
_cc.2004.
300 _a46;iii;
_b25cm.
504 _aIncludes Index.
650 _aMachine-workshop practice.
942 _cBB
_k670.423RAJ
999 _c2865
_d2865